书目信息 |
| 题名: |
中国前现代文学的转型
|
|
| 作者: | 郭延礼 著 | |
| 分册: | ||
| 出版信息: | 济南 山东大学出版社 2005 |
|
| 页数: | 388页 | |
| 开本: | 21cm | |
| 丛书名: | 望岳文库 | |
| 单 册: | ||
| 中图分类: | I209.5 | |
| 科图分类: | ||
| 主题词: | 文学史--中国--近代 , 文学史 | |
| 电子资源: | ||
| ISBN: | 7-5607-3105-8 | |
| 000 | 00848oam2 2200265 450 | |
| 001 | 1254293317 | |
| 005 | 20121016150537.81 | |
| 010 | @a7-5607-3105-8@dCNY26.00 | |
| 100 | @a20060104d2005 em y0chiy50 ea | |
| 101 | 0 | @achi |
| 102 | @aCN@b370000 | |
| 105 | @ay z 000yy | |
| 200 | 1 | @a中国前现代文学的转型@Azhong guo qian xian dai wen xue de zhuan xing@f郭延礼著 |
| 210 | @a济南@c山东大学出版社@d2005 | |
| 215 | @a388页@d21cm | |
| 225 | 2 | @a望岳文库@i文学史系列 |
| 330 | @a本书包括中国文学由古典向现代的转型及其文学史意义;传媒、稿酬与文学的近代化;中国近代文学史的分期等二十章内容。 | |
| 461 | 0 | @12001 @a望岳文库 |
| 462 | 0 | @12001 @a文学史系列 |
| 606 | 0 | @a文学史@y中国@z近代 |
| 606 | 0 | @a文学史 |
| 690 | @aI209.5@v4 | |
| 701 | 0 | @a郭延礼@Aguo yan li@f(1937.2~)@4著 |
| 801 | 0 | @aCN@bNLC@c20101222 |
| 905 | @a10447@dI209.5@eJY63 | |
| 中国前现代文学的转型/郭延礼著.-济南:山东大学出版社,2005 |
| 388页;21cm.-(望岳文库.文学史系列) |
| ISBN 7-5607-3105-8:CNY26.00 |
| 本书包括中国文学由古典向现代的转型及其文学史意义;传媒、稿酬与文学的近代化;中国近代文学史的分期等二十章内容。 |
| ● |
| 相关链接 |
|
|
|
|
正题名:中国前现代文学的转型
索取号:I209.5/JY63
 
预约/预借
| 序号 | 登录号 | 条形码 | 馆藏地/架位号 | 状态 | 备注 |
| 1 | 7824243 | 278242439 | 学院路分馆/ [索取号:I209.5/JY63] | 在馆 | |
| 2 | 7824244 | 278242448 | 学院路分馆/ [索取号:I209.5/JY63] | 在馆 |